[Event "SVK-chT2D 1314"]
[Site "Slovakia"]
[Date "2014.02.22"]
[Round "8.6"]
[White "Kandrac, Maros"]
[Black "Recky, Norbert"]
[Result "1-0"]
[WhiteElo "1878"]
[BlackElo "1830"]
[PlyCount "63"]
[EventDate "2013.10.19"]
[EventType "team-tourn"]
[EventRounds "11"]
[EventCountry "SVK"]
[SourceTitle "EXT 2015"]
[Source "ChessBase"]
[SourceDate "2014.11.20"]
[SourceVersion "1"]
[SourceVersionDate "2014.11.20"]
[SourceQuality "1"]
[WhiteTeam "Sabinov II"]
[BlackTeam "Spisska Nova Ves"]
[WhiteTeamCountry "SVK"]
[BlackTeamCountry "SVK"]

1. e4 c5 2. Nc3 d6 3. f4 g6 4. Nf3 Bg7 5. Be2 e6 6. 0-0 Nc6 7. d3 Nge7 8. Qe1 Nd4 9. Bd1 Nec6 10. Ne2 0-0 11. c3 Nxf3+ 12. Rxf3 f5 13. Bb3 Na5 14. Bc2 e5 15. fxe5 dxe5 16. exf5 Bxf5 17. Ng3 Qd7 18. Nxf5 Rxf5 19. Rxf5 Qxf5 20. Qe2 Qf6 21. Be3 Qd6 22. Re1 Nc6 23. Bf2 Re8 24. Qe4 Re7 25. Qc4+ Re6 26. Bb3 Nd8 27. Bxc5 Qd7 28. Qd5 Qc7 29. Qd6 Qc8 30. Bxe6+ Nxe6 31. Bxa7 Nf4 32. Be3 1-0

[Event "SVK-chT1E 1112"]
[Site "Slovakia"]
[Date "2012.03.03"]
[Round "10.4"]
[White "Kandrac, Maros"]
[Black "Matejov, Jaroslav"]
[Result "0-1"]
[WhiteElo "1865"]
[BlackElo "2175"]
[PlyCount "92"]
[EventDate "2011.10.15"]
[EventType "team-tourn"]
[EventRounds "11"]
[EventCountry "SVK"]
[SourceTitle "EXT 2013"]
[Source "ChessBase"]
[SourceDate "2012.11.22"]
[SourceVersion "1"]
[SourceVersionDate "2012.11.22"]
[SourceQuality "1"]
[WhiteTeam "Sabinov II"]
[BlackTeam "Zilina Mladost"]
[WhiteTeamCountry "SVK"]
[BlackTeamCountry "SVK"]

1. e4 Nf6 2. Nc3 e5 3. Bc4 Nc6 4. d3 Bb4 5. Bd2 0-0 6. a3 Bxc3 7. Bxc3 d5 8. exd5 Nxd5 9. Bxd5 Qxd5 10. Qf3 Be6 11. Qxd5 Bxd5 12. f3 f6 13. Ne2 Rfd8 14. 0-0-0 Ne7 15. Ng3 c5 16. Rhe1 Rd7 17. Rd2 Nc6 18. Rf2 b5 19. Bd2 Rc8 20. f4 exf4 21. Bxf4 c4 22. dxc4 Bxc4 23. Nf5 Rcd8 24. Rd2 Rxd2 25. Bxd2 Kf7 26. Bc3 Bd5 27. g3 Be6 28. Ne3 Nd4 29. h4 h5 30. Ba5 Rd7 31. Bb4 Bg4 32. Nxg4 hxg4 33. Re4 f5 34. Re3 a6 35. b3 Rc7 36. Bc3 Rxc3 37. Rxc3 Ne2+ 38. Kb2 Nxc3 39. Kxc3 f4 40. Kd3 f3 41. Ke3 Ke6 42. c3 a5 43. Kd3 Kd5 44. Ke3 a4 45. bxa4 bxa4 46. Kd3 Kc5 0-1

[Event "SVK-chT1E 1112"]
[Site "Slovakia"]
[Date "2011.12.11"]
[Round "6.5"]
[White "Copak, Jozef"]
[Black "Kandrac, Maros"]
[Result "1-0"]
[WhiteElo "1996"]
[BlackElo "1865"]
[PlyCount "79"]
[EventDate "2011.10.15"]
[EventType "team-tourn"]
[EventRounds "11"]
[EventCountry "SVK"]
[SourceTitle "EXT 2013"]
[Source "ChessBase"]
[SourceDate "2012.11.22"]
[SourceVersion "1"]
[SourceVersionDate "2012.11.22"]
[SourceQuality "1"]
[WhiteTeam "Bardejov"]
[BlackTeam "Sabinov II"]
[WhiteTeamCountry "SVK"]
[BlackTeamCountry "SVK"]

1. d4 d5 2. c4 e6 3. Nf3 c6 4. e3 Bd6 5. Nc3 Nf6 6. Be2 Nbd7 7. Qc2 0-0 8. 0-0 dxc4 9. Bxc4 e5 10. Rd1 Qe7 11. e4 exd4 12. Nxd4 Ne5 13. Bf1 Ng6 14. Nf5 Bxf5 15. exf5 Nf4 16. g3 N4d5 17. Bg5 Qc7 18. Nxd5 Nxd5 19. Bg2 Nb6 20. Rd3 Rfe8 21. Rad1 Bf8 22. a4 Qe5 23. Re3 Qc5 24. Qxc5 Bxc5 25. Rxe8+ Rxe8 26. a5 Na4 27. Bc1 h6 28. a6 b5 29. Kf1 Rc8 30. Rd3 Bb4 31. Be3 c5 32. Rd7 Nxb2 33. Rxa7 Nc4 34. Bd5 Nxe3+ 35. fxe3 c4 36. Rxf7 Kh8 37. a7 c3 38. a8Q Rxa8 39. Bxa8 Bd6 40. Be4 1-0

[Event "SVK-chT1E 1112"]
[Site "Slovakia"]
[Date "2011.11.12"]
[Round "3.4"]
[White "Csolto, Tibor Jr"]
[Black "Kandrac, Maros"]
[Result "1/2-1/2"]
[WhiteElo "2204"]
[BlackElo "1865"]
[PlyCount "90"]
[EventDate "2011.10.15"]
[EventType "team-tourn"]
[EventRounds "11"]
[EventCountry "SVK"]
[SourceTitle "EXT 2013"]
[Source "ChessBase"]
[SourceDate "2012.11.22"]
[SourceVersion "1"]
[SourceVersionDate "2012.11.22"]
[SourceQuality "1"]
[WhiteTeam "Kosice Slavia"]
[BlackTeam "Sabinov II"]
[WhiteTeamCountry "SVK"]
[BlackTeamCountry "SVK"]

1. e4 e5 2. Nf3 Nf6 3. Nxe5 d6 4. Nf3 Nxe4 5. Nc3 Nxc3 6. dxc3 Be7 7. Be3 Bf5 8. Qd5 Qc8 9. Nd4 Be6 10. Nxe6 fxe6 11. Qh5+ g6 12. Qh6 Bf6 13. h4 Qd7 14. 0-0-0 Qe7 15. Bb5+ Nd7 16. Bxd7+ Kxd7 17. Qf4 a6 18. h5 Rae8 19. hxg6 hxg6 20. Rxh8 Rxh8 21. Qe4 Kc8 22. Qxg6 Qf8 23. Qe4 Qf7 24. g4 d5 25. Qf3 Qg6 26. Qf4 Rf8 27. Rg1 Bg7 28. Qb4 Rf3 29. Qe7 Bf8 30. Qh4 Qe4 31. Qh5 b6 32. Qh1 Bc5 33. Bxc5 bxc5 34. Re1 Qf4+ 35. Kb1 Rxf2 36. Qg1 Qd2 37. Rc1 d4 38. cxd4 cxd4 39. Qg3 Re2 40. Qa3 Kb7 41. Qb3+ Ka7 42. Qg3 e5 43. g5 Re3 44. Qg1 Re2 45. Qg3 Re3 1/2-1/2

[Event "SVK-ch U16"]
[Site "Liptovsky Mikulas"]
[Date "2007.04.23"]
[Round "3"]
[White "Harasta, Juraj"]
[Black "Kandrac, Maros"]
[Result "0-1"]
[WhiteElo "1723"]
[BlackElo "1569"]
[PlyCount "104"]
[EventDate "2007.04.22"]
[EventType "swiss"]
[EventRounds "9"]
[EventCountry "SVK"]
[SourceTitle "EXT 2008"]
[Source "ChessBase"]
[SourceDate "2007.11.25"]
[SourceVersion "1"]
[SourceVersionDate "2007.11.25"]
[SourceQuality "1"]

1. e4 d5 2. exd5 Qxd5 3. Nf3 Nf6 4. Nc3 Qa5 5. Bc4 Bf5 6. d3 e6 7. a3 c6 8. 0-0 Nbd7 9. Bf4 Be7 10. Re1 Bg4 11. h3 Bh5 12. Qe2 h6 13. Ne4 Nxe4 14. Qxe4 g5 15. Bd2 Qc7 16. Bc3 Bg6 17. Qg4 Rh7 18. Ne5 Nxe5 19. Bxe5 Qb6 20. Bd4 h5 21. Bxb6 hxg4 22. Bc7 Kd7 23. Bg3 gxh3 24. gxh3 Rxh3 25. Kg2 Rah8 26. Rh1 Rxh1 27. Rxh1 Rxh1 28. Kxh1 Bf6 29. c3 b5 30. Bb3 Bxd3 31. Bd1 Be7 32. Bb8 a6 33. Be5 f6 34. Bd4 e5 35. Be3 f5 36. Kg1 f4 37. Bd2 e4 38. Bg4+ Kd6 39. Bf5 Ke5 40. Bd7 Kd5 41. Bf5 Be2 42. Bg6 Bc5 43. b4 Bb6 44. Bf7+ Kd6 45. Bg6 Bf3 46. Kf1 e3 47. fxe3 fxe3 48. Bc1 Ke5 49. Bd3 g4 50. c4 Bd4 51. cxb5 axb5 52. Bc2 g3 0-1